Psychiatric mental health nursing. / (Record no. 7013)
[ view plain ]
| 000 -LEADER | |
|---|---|
| fixed length control field | 01339nam a22001697a 4500 |
| 008 - FIXED-LENGTH DATA ELEMENTS--GENERAL INFORMATION | |
| fixed length control field | 200128b xxu||||| |||| 00| 0 eng d |
| 020 ## - INTERNATIONAL STANDARD BOOK NUMBER | |
| International Standard Book Number | 9780781740494 |
| 050 ## - LIBRARY OF CONGRESS CALL NUMBER | |
| Classification number | RC4004.V536(2e) |
| 100 ## - MAIN ENTRY--PERSONAL NAME | |
| Personal name | Videbeck, Shiela L. |
| 245 ## - TITLE STATEMENT | |
| Title | Psychiatric mental health nursing. / |
| Statement of responsibility, etc. | Shielda L. Videbeck. |
| 250 ## - EDITION STATEMENT | |
| Edition statement | 2nd ed. |
| 260 ## - PUBLICATION, DISTRIBUTION, ETC. | |
| Place of publication, distribution, etc. | Baltimore : |
| Name of publisher, distributor, etc. | Lippincott Williams and Wilkins, |
| Date of publication, distribution, etc. | 2004. |
| 300 ## - PHYSICAL DESCRIPTION | |
| Extent | xv, 592 p . : |
| Other physical details | ill. col. ; |
| Dimensions | 28 cm. |
| 500 ## - GENERAL NOTE | |
| General note | Includes appendix and index. |
| 505 ## - FORMATTED CONTENTS NOTE | |
| Formatted contents note | Content: Unit one: Current theories and practice: Foundations of psychiatric-mental health nursing -- Neurobiological theories and psychopharmacology -- Psychosocial theories and therapy -- Treatment settings and therapeutic programs -- Unit two: Building the nurse-client relationship: Therapeutic relationships -- Therapeutic communication -- Client's response to illness -- Assessment -- Unit three: Current social and emotional concerns: Legal and ethical issues -- Anger, hostility, and aggression -- Abuse and violence -- Grief and loss -- Unit four: Nursing practice for psychiatric disorders: Anxiety and anxiety disorders -- Schizophrenia -- Mood disorders and suicide -- Personality disorders -- Substance abuse -- Eating disorders -- Somatoform disorders -- Child and adolescent disorders -- Cognitive disorders. |
| 942 ## - ADDED ENTRY ELEMENTS (KOHA) | |
| Source of classification or shelving scheme | Library of Congress Classification |
| Koha item type | Books |
| Withdrawn status | Lost status | Source of classification or shelving scheme | Damaged status | Not for loan | Home library | Current library | Shelving location | Date acquired | Total Checkouts | Full call number | Barcode | Date last seen | Copy number | Price effective from | Koha item type |
|---|---|---|---|---|---|---|---|---|---|---|---|---|---|---|---|
| Library of Congress Classification | WISCONSIN INTERNATIONAL UNIVERSITY COLLEGE, GHANA - MAIN LIBRARY | WISCONSIN INTERNATIONAL UNIVERSITY COLLEGE, GHANA - MAIN LIBRARY | nursing | 28/01/2020 | RC4004.V536(2e) | NURS/672/021/20 | 28/01/2020 | 1 | 28/01/2020 | Books |
